| 000 | 00734nam a22002177a 4500 | ||
|---|---|---|---|
| 005 | 20170124110104.0 | ||
| 010 | _aA-933908 | ||
| 020 |
_c00.00 _a8190078003 |
||
| 037 | _bCen Lib/Ret | ||
| 040 |
_aDPL _bEN |
||
| 082 |
_a954 _bDAM |
||
| 100 |
_aDamodaran, Edavana _927671 |
||
| 245 |
_aThe story of India : _cby Edavana Damodaran _btraces the history of India from antiquity to the present in a chronological order / |
||
| 260 |
_aMumbai _bSahayog Publications _c1997 |
||
| 270 |
_aMumbai _bMumbai _e400069 |
||
| 300 |
_aviii, 465p. _c20cm(Hb) |
||
| 500 | _aIncludes bibliographical reference and index | ||
| 650 |
_aIndic literature _9107405 |
||
| 650 |
_aSocial history _97270 |
||
| 942 |
_2ddc _cEN _h954 _mDAM |
||
| 999 |
_c129880 _d129880 |
||